KOHA-Header-6

Effective Project Management (Record no. 10142)

000 -LEADER
fixed length control field 00239nam a2200109Ia 4500
020 ## - INTERNATIONAL STANDARD BOOK NUMBER
ISBN 978-0749461577
100 ## - MAIN ENTRY--AUTHOR NAME
Personal name Paul Roberts
245 #0 - TITLE STATEMENT
Title Effective Project Management
260 ## - PUBLICATION, DISTRIBUTION, ETC. (IMPRINT)
Place of publication India
Name of publisher S. Chand
Year of publication 2010
300 ## - PHYSICAL DESCRIPTION
Number of Pages 288
942 ## - ADDED ENTRY ELEMENTS (KOHA)
Koha item type Books
Holdings
Withdrawn status Lost status Collection code Permanent Location Current Location Shelving location Date acquired Full call number Accession Number Koha item type
    Management MAJU MAJU   2019-09-14 658.5 6252 Management

Powered by Koha